Salvador Armendares i Torrent : Malgrat de Mar, 1893 - Mèxic, DF, 1964 : metge i polític / Jaume Torrent i Oriol Malgrat de Mar, 1893 - Mèxic, DF, 1964 :
ISBN:
84-8330-404-x
Descripción Física:
239 p. : il. ; 25 cm
MARC
| LEADER | 00000nam a2200000Ia 4500 | ||
|---|---|---|---|
| 001 | 22949 | ||
| 008 | 160829s2006 xx 000 0 cat d | ||
| 020 | |a 84-8330-404-x | ||
| 080 | |a H-3-119 | ||
| 100 | |a Torrent i Oriol, Jaume |9 43937 | ||
| 245 | |a Salvador Armendares i Torrent : |b Malgrat de Mar, 1893 - Mèxic, DF, 1964 : |b metge i polític / Jaume Torrent i Oriol | ||
| 260 | |a Barcelona : |b Viena : |b Parlament de Catalunya, |c 2006 | ||
| 300 | |a 239 p. : |b il. ; |c 25 cm | ||
| 600 | 1 | 0 | |a Armendares i Torrent, Salvador, |d 1893-1964 |9 10403 |
| 710 | 1 | |a Catalunya. |b Parlament |9 11492 | |
| 901 | |a Arxiu | ||
| 942 | |n 1 | ||
| 952 | |0 0 |1 0 |4 0 |6 H3119 |7 1 |9 51692 |a Arxiu |b Arxiu |d 2016-12-01 |l 0 |o H-3-119 |p 22949 |r 2016-12-01 00:00:00 |w 2016-12-01 |y ARXIU | ||
| 999 | |c 55537 |d 55537 | ||